| 000 | 00469pab a2200181 454500 | ||
|---|---|---|---|
| 008 | 180718b2014 xxu||||| |||| 00| 0 eng d | ||
| 100 | _aBano, Bushara | ||
| 245 | _aSex and rank differences in Indian police: An empirical analysis | ||
| 260 | _c2014 | ||
| 300 | _ap.618-634. | ||
| 362 | _aApr | ||
| 650 | _aPolice - India | ||
| 650 | _aPolice | ||
| 700 | _aTalib, Pravaiz | ||
| 773 | _aIndian Journal of Industrial Relations | ||
| 908 | _aN | ||
| 909 | _a105035 | ||
| 999 |
_c105030 _d105030 |
||